Marcatori dell'Inter in UEFA Europa League 2018-2019 - Statistics

Statistiche generali
  • Questo quiz è stato fatto 16 volte
  • Il punteggio medio è 3 su 5
Statistiche sulle risposte
Partita Minuto Marcatore % Corretto
Inter - Rapid Vienna 4-0 80' Ivan Perišić
92%
Inter - Rapid Vienna 4-0 87' Matteo Politano
85%
Rapid Vienna - Inter 0-1 39' Lautaro Martínez
77%
Inter - Rapid Vienna 4-0 18' Andrea Ranocchia
46%
Inter - Rapid Vienna 4-0 11' Matías Vecino
46%
Nessun quiz corrispondente trovato
Distribuzione punteggi
Percentuale di utenti per punteggio
Percentile per numero di risposta
I tuoi punteggi nel tempo
Non hai fatto questo quiz